[Event "Turin-ch"]
[Site "Turin"]
[Date "2009.12.05"]
[Round "6"]
[White "Barletta, Mauro"]
[Black "Fortino, Fabrizio"]
[Result "1-0"]
[WhiteElo "2210"]
[BlackElo "2041"]
[PlyCount "73"]
[EventDate "2009.11.09"]
[EventType "swiss"]
[EventRounds "7"]
[EventCountry "ITA"]
[SourceTitle "EXT 2012"]
[Source "ChessBase"]
[SourceDate "2011.11.24"]
[SourceVersion "1"]
[SourceVersionDate "2011.11.24"]
[SourceQuality "1"]

1. e4 c5 2. c3 d5 3. exd5 Qxd5 4. d4 Nc6 5. Nf3 cxd4 6. cxd4 e5 7. Nc3 Bb4 8. Be2 exd4 9. 0-0 Qd8 10. Nb5 Nge7 11. Bg5 0-0 12. Nbxd4 Qb6 13. a3 Nxd4 14. Nxd4 Bc5 15. Nb3 Qg6 16. Nxc5 Qxg5 17. Rc1 Ng6 18. Ne4 Qe5 19. Nc3 Be6 20. Bf3 Rfd8 21. Qa4 Qg5 22. Ne4 Qf4 23. Nc5 Rd4 24. Nxe6 Rxa4 25. Nxf4 Nxf4 26. Rc7 Rb8 27. Rd1 g6 28. Rxb7 Rxb7 29. Bxb7 Ra5 30. Rd2 Re5 31. h3 h5 32. Kh2 a5 33. g3 Ne6 34. Kg2 Rb5 35. Bd5 Nc7 36. Bxf7+ Kxf7 37. Rd7+ 1-0

[Event "Asti op 4th"]
[Site "Asti"]
[Date "2009.04.19"]
[Round "6"]
[White "Damia, Angelo"]
[Black "Fortino, Fabrizio"]
[Result "1-0"]
[WhiteElo "2235"]
[BlackElo "2081"]
[PlyCount "39"]
[EventDate "2009.04.16"]
[EventType "swiss"]
[EventRounds "6"]
[EventCountry "ITA"]
[SourceTitle "CBM 130 Extra"]
[Source "ChessBase"]
[SourceDate "2009.07.02"]
[SourceVersion "2"]
[SourceVersionDate "2009.07.15"]
[SourceQuality "1"]

1. d4 Nf6 2. Bg5 c5 3. Nc3 Qb6 4. d5 d6 5. e4 Nbd7 6. Qd2 h6 7. Be3 Ne5 8. f4 Neg4 9. 0-0-0 g6 10. h3 Nxe3 11. Qxe3 Bg7 12. e5 dxe5 13. fxe5 Nd7 14. e6 Ne5 15. Nf3 Nxf3 16. Bb5+ Kf8 17. Qxf3 f5 18. Qg3 Bxe6 19. dxe6 Qxe6 20. Rhe1 1-0

[Event "Nichelino op"]
[Site "Nichelino"]
[Date "2008.10.06"]
[Round "6"]
[White "Martin, Tiziano"]
[Black "Fortino, Fabrizio"]
[Result "1-0"]
[WhiteElo "1973"]
[BlackElo "2051"]
[PlyCount "44"]
[EventDate "2008.10.02"]
[EventType "swiss"]
[EventRounds "6"]
[EventCountry "ITA"]
[SourceTitle "CBM 126 Extra"]
[Source "ChessBase"]
[SourceDate "2008.11.05"]
[SourceVersion "1"]
[SourceVersionDate "2008.11.05"]
[SourceQuality "1"]

1. Nf3 b5 2. e3 a6 3. b3 Nf6 4. Bb2 Bb7 5. Be2 e6 6. 0-0 Be7 7. c4 c6 8. d4 d6 9. Nbd2 Nbd7 10. Qc2 0-0 11. e4 Rc8 12. e5 Ne8 13. Bd3 g6 14. Rad1 f5 15. exf6 Bxf6 16. Rfe1 Ng7 17. Ne4 Be7 18. Qe2 Rf7 19. Bc1 Nf8 20. Neg5 Bxg5 21. Nxg5 Re7 22. Ne4 Qd7 1-0

[Event "Piemonte-ch"]
[Site "Turin"]
[Date "2008.04.20"]
[Round "1"]
[White "Fortino, Fabrizio"]
[Black "Fittante, Giuliana"]
[Result "1-0"]
[WhiteElo "2079"]
[BlackElo "1854"]
[PlyCount "55"]
[EventDate "2008.04.20"]
[EventType "swiss"]
[EventRounds "9"]
[EventCountry "ITA"]
[SourceTitle "EXT 2011"]
[Source "ChessBase"]
[SourceDate "2010.11.26"]
[SourceVersion "1"]
[SourceVersionDate "2010.11.26"]
[SourceQuality "1"]

1. e4 Nf6 2. Nc3 d5 3. exd5 Nxd5 4. Bc4 e6 5. Nf3 Be7 6. 0-0 0-0 7. d4 c6 8. Qe2 Nd7 9. Re1 Bb4 10. Bd2 N7b6 11. Bd3 Nf6 12. a3 Be7 13. Rad1 Qc7 14. Ne4 Nxe4 15. Qxe4 g6 16. c4 Bf6 17. h4 Bd7 18. h5 c5 19. hxg6 hxg6 20. dxc5 Na4 21. Bg5 Bc6 22. Qh4 Bxb2 23. Bf4 Qc8 24. Ng5 Kg7 25. Qh7+ Kf6 26. Nxf7 Rxf7 27. Bg5+ Kxg5 28. Qxg6+ 1-0

[Event "Asti Alfieri Memorial 3rd"]
[Site "Asti"]
[Date "2008.03.30"]
[Round "6"]
[White "Fortino, Fabrizio"]
[Black "Sattanino, Andrea"]
[Result "1-0"]
[WhiteElo "2068"]
[BlackElo "1846"]
[PlyCount "27"]
[EventDate "2008.03.27"]
[EventType "swiss"]
[EventRounds "6"]
[EventCountry "ITA"]
[SourceTitle "EXT 2011"]
[Source "ChessBase"]
[SourceDate "2010.11.26"]
[SourceVersion "1"]
[SourceVersionDate "2010.11.26"]
[SourceQuality "1"]

1. e4 e5 2. f4 exf4 3. Bc4 d6 4. Nf3 Be6 5. Bxe6 fxe6 6. d4 Ne7 7. Bxf4 Ng6 8. Be3 Be7 9. 0-0 0-0 10. c3 Nd7 11. Qb3 Nf6 12. Qxe6+ Kh8 13. Ng5 Qe8 14. e5 1-0

[Event "Lyon op"]
[Site "Lyon"]
[Date "2007.11.02"]
[Round "5"]
[White "Fortino, Fabrizio"]
[Black "Charpentier, Denis"]
[Result "0-1"]
[WhiteElo "2081"]
[BlackElo "1941"]
[PlyCount "50"]
[EventDate "2007.10.31"]
[EventType "swiss"]
[EventRounds "9"]
[EventCountry "FRA"]
[SourceTitle "EXT 2008"]
[Source "ChessBase"]
[SourceDate "2007.11.25"]
[SourceVersion "1"]
[SourceVersionDate "2007.11.25"]
[SourceQuality "1"]

1. e4 c6 2. d4 d5 3. exd5 cxd5 4. c4 Nc6 5. Nf3 Bg4 6. Be2 Nf6 7. Nc3 e6 8. c5 Be7 9. 0-0 0-0 10. a3 Ne4 11. Nd2 Bxe2 12. Nxe2 f5 13. Rb1 e5 14. Nf3 Nxd4 15. Nexd4 exd4 16. Nxd4 Bxc5 17. Ne6 Nxf2 18. Rxf2 Bxf2+ 19. Kf1 Qd6 20. Nxf8 Bb6 21. Nxh7 Kxh7 22. Qh5+ Kg8 23. b4 Qe5 24. Qf3 Qd4 25. h3 Re8 0-1

[Event "Nichelino op 6th"]
[Site "Nichelino"]
[Date "2005.10.07"]
[Round "2"]
[White "Molina, Fabrizio"]
[Black "Fortino, Fabrizio"]
[Result "0-1"]
[WhiteElo "2275"]
[BlackElo "1995"]
[PlyCount "62"]
[EventDate "2005.10.06"]
[EventType "swiss"]
[EventRounds "6"]
[EventCountry "ITA"]
[SourceTitle "EXT 2007"]
[Source "ChessBase"]
[SourceDate "2006.11.23"]
[SourceVersion "1"]
[SourceVersionDate "2006.11.23"]
[SourceQuality "1"]

1. c4 Nf6 2. g3 g6 3. Bg2 Bg7 4. Nc3 e5 5. e4 0-0 6. Nge2 d6 7. 0-0 c6 8. b3 Na6 9. d4 exd4 10. Nxd4 Re8 11. Bb2 Nc5 12. Re1 a5 13. Qd2 Nfd7 14. f4 Qb6 15. Kh1 a4 16. Rad1 axb3 17. a3 Qa6 18. Bf1 Nb6 19. f5 Nxc4 20. Qg5 b5 21. Bxc4 bxc4 22. Nxc6 Qxc6 23. Nd5 Bxb2 24. f6 Ne6 25. Qh6 Be5 26. Rf1 Bb7 27. g4 c3 28. Rf3 c2 29. Rg1 Bf4 30. g5 Qxd5 31. Rxf4 Qxe4+ 0-1

[Event "ITA-ch U20"]
[Site "Bratto"]
[Date "2005.08.23"]
[Round "4"]
[White "Fortino, Fabrizio"]
[Black "Rombaldoni, Axel"]
[Result "1-0"]
[WhiteElo "1965"]
[BlackElo "2137"]
[PlyCount "61"]
[EventDate "2005.08.20"]
[EventType "swiss"]
[EventRounds "9"]
[EventCountry "ITA"]
[SourceTitle "EXT 2006"]
[Source "ChessBase"]
[SourceDate "2005.11.24"]
[SourceVersion "1"]
[SourceVersionDate "2005.11.24"]
[SourceQuality "1"]

1. e4 c5 2. c3 Nf6 3. e5 Nd5 4. d4 cxd4 5. Nf3 e6 6. cxd4 Nc6 7. a3 Be7 8. Bc4 Nc7 9. Nc3 0-0 10. 0-0 d5 11. Bd3 f5 12. exf6 Bxf6 13. Bc2 e5 14. dxe5 Nxe5 15. Nxe5 Bxe5 16. Qh5 Bxh2+ 17. Qxh2 Bf5 18. Bxf5 Rxf5 19. Rd1 Qe7 20. Bf4 Ne6 21. Nxd5 Qf7 22. Be3 Ng5 23. Nc3 Qg6 24. Bxg5 Rxg5 25. Rd6 Rxg2+ 26. Qxg2 Qxd6 27. Rd1 Qe7 28. Ne4 Rf8 29. Qg4 Qe5 30. Ng5 Qxb2 31. Qe6+ 1-0

[Event "Piemonte-ch"]
[Site "Turin"]
[Date "2005.04.25"]
[Round "5"]
[White "Stroppa, Daniel"]
[Black "Fortino, Fabrizio"]
[Result "1-0"]
[WhiteElo "2239"]
[BlackElo "1972"]
[PlyCount "51"]
[EventDate "2005.04.21"]
[EventType "swiss"]
[EventRounds "7"]
[EventCountry "ITA"]
[SourceTitle "EXT 2008"]
[Source "ChessBase"]
[SourceDate "2007.11.25"]
[SourceVersion "1"]
[SourceVersionDate "2007.11.25"]
[SourceQuality "1"]

1. d4 Nf6 2. Nf3 g6 3. Nc3 d5 4. Bf4 c6 5. e3 Bg7 6. Be2 Bf5 7. Ne5 Nfd7 8. Qd2 Nxe5 9. Bxe5 f6 10. Bg3 Nd7 11. h4 e5 12. h5 Bh6 13. hxg6 hxg6 14. 0-0-0 Qe7 15. Rxh6 Rxh6 16. e4 Rh8 17. exf5 gxf5 18. f4 e4 19. Bf2 Rh2 20. Rg1 0-0-0 21. Nd1 Rg8 22. Ne3 Qe6 23. Qa5 Kb8 24. Qe1 Rf8 25. g4 fxg4 26. f5 1-0

[Event "Piemonte-ch"]
[Site "Turin"]
[Date "2005.04.24"]
[Round "4"]
[White "Fortino, Fabrizio"]
[Black "Sorcinelli, Francesco"]
[Result "0-1"]
[WhiteElo "1972"]
[BlackElo "2088"]
[PlyCount "88"]
[EventDate "2005.04.21"]
[EventType "swiss"]
[EventRounds "7"]
[EventCountry "ITA"]
[SourceTitle "EXT 2008"]
[Source "ChessBase"]
[SourceDate "2007.11.25"]
[SourceVersion "1"]
[SourceVersionDate "2007.11.25"]
[SourceQuality "1"]

1. e4 e5 2. f4 d5 3. exd5 exf4 4. Nf3 Nf6 5. Be2 Nxd5 6. c4 Nf6 7. d4 Bb4+ 8. Nc3 0-0 9. 0-0 Bg4 10. Bxf4 Nc6 11. d5 Bxf3 12. Bxf3 Ne7 13. Kh1 Ng6 14. Bg3 Bd6 15. Ne2 Re8 16. Qc2 Qd7 17. Bxd6 cxd6 18. Ng3 Rac8 19. Qf5 Qc7 20. b3 Re5 21. Qd3 Rce8 22. Rac1 b6 23. b4 Qd7 24. h3 Nf4 25. Qd2 g5 26. Rce1 h5 27. Rxe5 Rxe5 28. h4 Ng4 29. hxg5 Ne3 30. Re1 Nxc4 31. Qxf4 Rxe1+ 32. Kh2 Ne5 33. Bxh5 Ng6 34. Bxg6 fxg6 35. Ne4 Qe7 36. Nxd6 Qe5 37. Kg3 Qxf4+ 38. Kxf4 Kf8 39. Nc8 Ke8 40. Nxa7 Kd7 41. Nb5 Rf1+ 42. Kg4 Rd1 43. Nc3 Rd4+ 44. Kf3 Rd3+ 0-1